[Event "MNT-chT 1st League"]
[Site "Podgorica"]
[Date "2019.07.23"]
[Round "4.8"]
[White "Kalezic, Bojan"]
[Black "Musikic, Stefan"]
[Result "1-0"]
[WhiteElo "1815"]
[BlackElo "1821"]
[PlyCount "57"]
[EventDate "2019.07.20"]
[EventType "team-tourn"]
[EventRounds "9"]
[EventCountry "MNE"]
[SourceTitle "EXT 2020"]
[Source "ChessBase"]
[SourceDate "2019.10.17"]
[SourceVersion "1"]
[SourceVersionDate "2019.10.17"]
[SourceQuality "1"]
[WhiteTeam "Prosvjeta"]
[BlackTeam "Mimoza"]
[WhiteTeamCountry "MNE"]
[BlackTeamCountry "MNE"]

1. e4 c5 2. Nf3 g6 3. c3 d5 4. exd5 Qxd5 5. d4 cxd4 6. cxd4 Bg7 7. Nc3 Qd8 8. h3 Nf6 9. Bc4 0-0 10. 0-0 Nc6 11. Re1 a6 12. a4 Qd6 13. Be3 Rd8 14. Qe2 Nb4 15. Ne5 Nfd5 16. Ne4 Qb8 17. Rad1 Bxe5 18. dxe5 Qxe5 19. Bd4 Qf4 20. Nc5 b6 21. Be5 Qg5 22. f4 Qg3 23. Bc7 Re8 24. Ne4 Nxf4 25. Nxg3 Nxe2+ 26. Rxe2 Bb7 27. Bxb6 Bc6 28. Bc5 Bxa4 29. b3 1-0

[Event "Cetinje op"]
[Site "Cetinje"]
[Date "2016.05.05"]
[Round "2"]
[White "Musikic, Stefan"]
[Black "Mitrovic, Miroslav"]
[Result "1/2-1/2"]
[WhiteElo "1689"]
[BlackElo "2086"]
[PlyCount "78"]
[EventDate "2016.05.04"]
[EventType "swiss"]
[EventRounds "9"]
[EventCountry "MNE"]
[SourceTitle "CBM 172 Extra"]
[Source "ChessBase"]
[SourceDate "2016.06.21"]
[SourceVersion "1"]
[SourceVersionDate "2016.06.21"]
[SourceQuality "1"]

1. e4 e6 2. d4 d5 3. Nd2 dxe4 4. Nxe4 Nd7 5. Bd3 Ngf6 6. Nxf6+ Nxf6 7. Nf3 c5 8. c3 cxd4 9. Nxd4 Bc5 10. 0-0 0-0 11. Be3 Bb6 12. Qc2 e5 13. Nf5 Bxf5 14. Bxf5 Bxe3 15. fxe3 Qb6 16. Qf2 Rad8 17. Rad1 Rd6 18. Rxd6 Qxd6 19. Qf3 Qb6 20. Rf2 Rd8 21. g4 h6 22. h4 e4 23. Bxe4 Re8 24. g5 Rxe4 25. gxf6 Rxe3 26. Qg4 g6 27. Qc8+ Kh7 28. Qd7 Re1+ 29. Kg2 Qc6+ 30. Qxc6 bxc6 31. b4 Rc1 32. Re2 Rxc3 33. Re7 Rc2+ 34. Kf3 Rxa2 35. Rxf7+ Kh8 36. Rf8+ Kh7 37. Rf7+ Kh8 38. Rf8+ Kh7 39. Rf7+ Kh8 1/2-1/2